[Event "Reykjavik Blitz op"]
[Site "Reykjavik"]
[Date "2022.01.29"]
[Round "8"]
[White "Thorsteinsdottir, Gudlaug"]
[Black "Ptacnikova, Lenka"]
[Result "0-1"]
[WhiteElo "2009"]
[BlackElo "2173"]
[PlyCount "73"]
[EventDate "2022.01.29"]
[EventType "swiss (blitz)"]
[EventRounds "11"]
[EventCountry "ISL"]
[SourceTitle "CBM 206 Extra"]
[Source "ChessBase"]
[SourceDate "2022.03.31"]
[SourceVersion "1"]
[SourceVersionDate "2022.03.31"]
[SourceQuality "1"]

1. d4 Nf6 2. c4 e6 3. Nf3 Bb4+ 4. Bd2 c5 5. dxc5 Qa5 6. Nc3 Qxc5 7. e3 0-0 8. a3 Bxc3 9. Bxc3 Ne4 10. Bd4 Qa5+ 11. b4 Qc7 12. Bd3 f5 13. Qc2 Nf6 14. 0-0 Nc6 15. Bb2 b6 16. Qc3 Bb7 17. e4 fxe4 18. Bxe4 Rf7 19. Bc2 Rc8 20. Ng5 Re7 21. Rfe1 Nd8 22. Qh3 h6 23. Bxf6 gxf6 24. Ne4 Bxe4 25. Bxe4 Qxc4 26. Qxh6 Qd4 27. h3 Rg7 28. Rad1 Qb2 29. Rd3 Nf7 30. Qh4 Rc1 31. Rxc1 Qxc1+ 32. Kh2 Ng5 33. Bf3 Qc7+ 34. Kg1 Qe5 35. Re3 Qa1+ 36. Kh2 Qb2 37. Qc4 0-1

[Event "Reykjavik Icelandic op"]
[Site "Reykjavik"]
[Date "2018.06.06"]
[Round "7"]
[White "Johannsson, Birkir Isak"]
[Black "Thorsteinsdottir, Gudlaug"]
[Result "1/2-1/2"]
[WhiteElo "1929"]
[BlackElo "1983"]
[PlyCount "89"]
[EventDate "2018.06.01"]
[EventType "swiss"]
[EventRounds "10"]
[EventCountry "ISL"]
[SourceTitle "CBM 184 Extra"]
[Source "ChessBase"]
[SourceDate "2018.06.28"]
[SourceVersion "1"]
[SourceVersionDate "2018.06.28"]
[SourceQuality "1"]

1. d4 d5 2. c4 Nf6 3. cxd5 Nxd5 4. e4 Nf6 5. Nc3 e6 6. Be3 Be7 7. f3 Nbd7 8. Bc4 c6 9. Nge2 b5 10. Bd3 a6 11. 0-0 0-0 12. Qd2 Bb7 13. Rfd1 e5 14. Rac1 Re8 15. a3 exd4 16. Nxd4 Bf8 17. Be2 Ne5 18. Nf5 Qxd2 19. Rxd2 Red8 20. Rcd1 Rxd2 21. Rxd2 c5 22. Bf4 Ng6 23. Bg3 Nh5 24. Bf2 Nhf4 25. Bf1 Bc6 26. g3 b4 27. Nd1 Ne5 28. Nh4 Ne6 29. Be2 g5 30. Nf5 Bb5 31. Kg2 Bxe2 32. Rxe2 bxa3 33. bxa3 c4 34. a4 Nd3 35. Rc2 Rc8 36. Nfe3 Ne5 37. Nd5 Bc5 38. Nb2 Kg7 39. f4 Bxf2 40. Kxf2 Ng4+ 41. Kg1 c3 42. Rxc3 Rxc3 43. Nxc3 gxf4 44. h3 Ne5 45. Kf2 1/2-1/2

[Event "ISL-ch (Women)"]
[Site "Reykjavik"]
[Date "2017.08.26"]
[Round "2"]
[White "Thorsteinsdottir, Gudlaug"]
[Black "Haile, Batel Goitom"]
[Result "1-0"]
[WhiteElo "2010"]
[BlackElo "1270"]
[PlyCount "111"]
[EventDate "2017.08.25"]
[EventType "swiss"]
[EventRounds "5"]
[EventCountry "ISL"]
[SourceTitle "CBM 180 Extra"]
[Source "ChessBase"]
[SourceDate "2017.10.06"]
[SourceVersion "1"]
[SourceVersionDate "2017.10.06"]
[SourceQuality "1"]

1. e4 c5 2. Nf3 d6 3. d4 cxd4 4. Nxd4 Nf6 5. Nc3 a6 6. Bg5 e5 7. Nb3 Be6 8. Be2 Be7 9. Qd2 h6 10. Bxf6 Bxf6 11. Rd1 Be7 12. Nd5 Bxd5 13. Qxd5 Nc6 14. c3 Qc7 15. 0-0 0-0 16. Na1 Rad8 17. Nc2 Bg5 18. Qd3 Rfe8 19. g3 Bf6 20. Ne3 Ne7 21. Ng4 Kh7 22. Qf3 Ng8 23. h4 Qd7 24. Rd2 Rf8 25. Rfd1 Be7 26. Nxe5 Qe6 27. Nc4 b5 28. Ne3 Nf6 29. Bd3 Kg8 30. Bb1 Nd7 31. Nd5 Ne5 32. Qf5 g6 33. Qxe6 fxe6 34. Nxe7+ Kf7 35. Nxg6 Nf3+ 36. Kg2 Nxd2 37. Nxf8 Nxb1 38. Nxe6 Kxe6 39. Rxb1 Re8 40. f4 Kf6 41. Kf3 h5 42. Rd1 Rd8 43. e5+ Ke6 44. Rxd6+ Rxd6 45. exd6 Kxd6 46. Ke4 Ke6 47. b3 a5 48. c4 b4 49. f5+ Kd7 50. Ke5 Ke7 51. c5 Kd8 52. Ke6 Ke8 53. f6 Kf8 54. c6 Ke8 55. c7 a4 56. c8Q# 1-0

[Event "Reykjavik op"]
[Site "Reykjavik"]
[Date "2017.04.23"]
[Round "6"]
[White "Murray, Peter"]
[Black "Thorsteinsdottir, Gudlaug"]
[Result "1-0"]
[WhiteElo "2235"]
[BlackElo "2013"]
[PlyCount "111"]
[EventDate "2017.04.19"]
[EventType "swiss"]
[EventRounds "10"]
[EventCountry "ISL"]
[SourceTitle "CBM 178 Extra"]
[Source "ChessBase"]
[SourceDate "2017.06.22"]
[SourceVersion "1"]
[SourceVersionDate "2017.06.22"]
[SourceQuality "1"]

1. d4 Nf6 2. c4 e6 3. Nc3 Bb4 4. Qc2 d5 5. e3 c6 6. Bd2 Nbd7 7. Nf3 0-0 8. Bd3 Bd6 9. 0-0 dxc4 10. Bxc4 e5 11. dxe5 Nxe5 12. Nxe5 Bxe5 13. f4 Bc7 14. Kh1 Ng4 15. Nd1 Qh4 16. h3 Nh6 17. Be1 Qe7 18. Bd3 f5 19. Bc3 Be6 20. Bd4 Qd7 21. Nf2 Bxf4 22. Bxg7 Qxg7 23. Bc4 Bc7 24. Bxe6+ Kh8 25. Nd3 Rae8 26. Bb3 Rxe3 27. Nf4 Rfe8 28. Qf2 Qe5 29. Qh4 Qg7 30. Nh5 Qg6 31. Nf4 Bxf4 32. Rxf4 Re2 33. Rg1 Rxb2 34. Rd4 Rbe2 35. Rd7 R2e4 36. Qf2 R4e7 37. Rd3 Qg7 38. Qxa7 Qe5 39. Qf2 Nf7 40. Rgd1 Ng5 41. Qh4 Ne4 42. Rf3 b5 43. Rdf1 Nd6 44. g4 c5 45. gxf5 c4 46. Bd1 Ra7 47. Qf2 Rea8 48. Re3 Ne4 49. Qg2 Rxa2 50. Rxe4 Qd6 51. Re2 R2a3 52. Re3 Rg8 53. Qb2+ c3 54. Rxc3 Qf6 55. Qxa3 Qg5 56. Qb2 1-0

[Event "ISL-chT2 1617"]
[Site "Reykjavik"]
[Date "2017.03.04"]
[Round "7.2"]
[White "Mai, Aron Thor"]
[Black "Thorsteinsdottir, Gudlaug"]
[Result "1/2-1/2"]
[WhiteElo "1845"]
[BlackElo "2046"]
[PlyCount "47"]
[EventDate "2016.09.30"]
[EventType "team-tourn"]
[EventRounds "7"]
[EventCountry "ISL"]
[SourceTitle "EXT 2018"]
[Source "ChessBase"]
[SourceDate "2017.10.13"]
[SourceVersion "1"]
[SourceVersionDate "2017.10.13"]
[SourceQuality "1"]
[WhiteTeam "Reykjavik III"]
[BlackTeam "Gardabaer"]
[WhiteTeamCountry "ISL"]
[BlackTeamCountry "ISL"]

1. e4 e5 2. Nf3 Nf6 3. Nxe5 d6 4. Nf3 Nxe4 5. Nc3 Nxc3 6. dxc3 Be7 7. Be3 Nc6 8. Qd2 Be6 9. 0-0-0 Bxa2 10. b3 a5 11. Kb2 a4 12. Ra1 axb3 13. cxb3 Bxb3 14. Rxa8 Qxa8 15. Kxb3 Qa1 16. Qc1 Na5+ 17. Kc2 Qa4+ 18. Kb1 0-0 19. Nd2 d5 20. Qc2 Qa3 21. Bd3 Ra8 22. Qb2 Qa4 23. Qc2 Qa3 24. Qb2 1/2-1/2

[Event "ISL-chT2 1617"]
[Site "Reykjavik"]
[Date "2017.03.03"]
[Round "5.1"]
[White "Loftsson, Arnaldur"]
[Black "Thorsteinsdottir, Gudlaug"]
[Result "1/2-1/2"]
[WhiteElo "1994"]
[BlackElo "2046"]
[PlyCount "133"]
[EventDate "2016.09.30"]
[EventType "team-tourn"]
[EventRounds "7"]
[EventCountry "ISL"]
[SourceTitle "EXT 2018"]
[Source "ChessBase"]
[SourceDate "2017.10.13"]
[SourceVersion "1"]
[SourceVersionDate "2017.10.13"]
[SourceQuality "1"]
[WhiteTeam "Huginn III"]
[BlackTeam "Gardabaer"]
[WhiteTeamCountry "ISL"]
[BlackTeamCountry "ISL"]

1. c4 e5 2. g3 Nf6 3. Bg2 d5 4. cxd5 Nxd5 5. Nf3 Nc6 6. Nc3 Nb6 7. d3 Be7 8. 0-0 0-0 9. Be3 Be6 10. Na4 Nd5 11. Bc5 f6 12. Rc1 Bf7 13. a3 a5 14. Qc2 Rb8 15. Rfd1 Bxc5 16. Qxc5 Qe7 17. e4 Qxc5 18. Nxc5 Nb6 19. Nxb7 Rxb7 20. Rxc6 Na4 21. b4 axb4 22. axb4 Rxb4 23. Rxc7 Rd8 24. Ne1 Nb2 25. Rdc1 Be6 26. Bf1 Rbd4 27. Kg2 R4d7 28. Be2 Kf7 29. R1c6 Rxc7 30. Rxc7+ Rd7 31. Rxd7+ Bxd7 32. f4 h6 33. Kf3 Na4 34. Nc2 Nc3 35. Bf1 g6 36. d4 exd4 37. Nxd4 Bc8 38. Bc4+ Ke7 39. e5 Bb7+ 40. Ke3 fxe5 41. fxe5 Nd1+ 42. Ke2 Nc3+ 43. Ke3 Nd1+ 44. Ke2 Nc3+ 45. Kd3 Nd1 46. h4 Nb2+ 47. Kc3 Nd1+ 48. Kd2 Nf2 49. Ke3 Nd1+ 50. Kf4 Nb2 51. Bb5 Nd1 52. Nc6+ Bxc6 53. Bxc6 Nb2 54. Be4 Kf7 55. g4 Na4 56. Bd5+ Ke7 57. g5 h5 58. Be4 Kf7 59. e6+ Kxe6 60. Bxg6 Nc3 61. Bxh5 Nd5+ 62. Ke4 Nf6+ 63. Kf4 Nxh5+ 64. Kg4 Nf6+ 65. Kf4 Nh5+ 66. Kg4 Nf6+ 67. gxf6 1/2-1/2

[Event "Olympiad Women-42"]
[Site "Baku"]
[Date "2016.09.03"]
[Round "2.19"]
[White "Thorsteinsdottir, Gudlaug"]
[Black "Brunello, Marina"]
[Result "0-1"]
[WhiteElo "2046"]
[BlackElo "2376"]
[PlyCount "92"]
[EventDate "2016.09.02"]
[EventType "team-swiss"]
[EventRounds "11"]
[EventCountry "AZE"]
[SourceTitle "CBM 174 Extra"]
[Source "ChessBase"]
[SourceDate "2016.10.10"]
[SourceVersion "1"]
[SourceVersionDate "2016.10.10"]
[SourceQuality "1"]
[WhiteTeam "Iceland (W)"]
[BlackTeam "Italy (W)"]
[WhiteTeamCountry "ISL"]
[BlackTeamCountry "ITA"]

1. d4 d5 2. c4 c6 3. Nf3 Nf6 4. Nc3 e6 5. Bg5 Be7 6. e3 Nbd7 7. cxd5 exd5 8. Bd3 0-0 9. 0-0 Re8 10. Qc2 Nf8 11. Ne5 Ng4 12. Bxe7 Qxe7 13. Nxg4 Bxg4 14. Rae1 Rad8 15. h3 Bc8 16. Bf5 Bxf5 17. Qxf5 Ng6 18. g3 Rd6 19. Qg4 Re6 20. a3 Qc7 21. Rc1 Ne7 22. b4 Rg6 23. Qf3 Qd7 24. Kh2 Nf5 25. Ne2 Nd6 26. Rc2 Ne4 27. Nf4 Rh6 28. g4 f5 29. Rg1 fxg4 30. Qxg4 Qf7 31. Qe2 Kh8 32. f3 Nd6 33. Qf2 Nf5 34. Rc3 Nxd4 35. Rg4 Nf5 36. e4 d4 37. Rd3 Ne3 38. Rxe3 dxe3 39. Qxe3 Qc7 40. Kg2 a6 41. Ne2 Rhe6 42. Nd4 Re5 43. Qf4 R5e7 44. Qg5 Rd7 45. Rh4 Qe5 46. Nf5 g6 0-1

[Event "Reykjavik op"]
[Site "Reykjavik"]
[Date "2016.03.13"]
[Round "7"]
[White "Pogan, Nikolas"]
[Black "Thorsteinsdottir, Gudlaug"]
[Result "1-0"]
[WhiteElo "2285"]
[BlackElo "2047"]
[PlyCount "69"]
[EventDate "2016.03.08"]
[EventType "swiss"]
[EventRounds "10"]
[EventCountry "ISL"]
[SourceTitle "CBM 171 Extra"]
[Source "ChessBase"]
[SourceDate "2016.04.26"]
[SourceVersion "1"]
[SourceVersionDate "2016.04.26"]
[SourceQuality "1"]

1. c4 c6 2. Nf3 d5 3. g3 Nf6 4. Bg2 Bg4 5. Qb3 Qb6 6. d3 Nbd7 7. Nc3 e6 8. 0-0 dxc4 9. dxc4 Qxb3 10. axb3 Nc5 11. Nd4 a6 12. b4 Ncd7 13. b5 e5 14. bxc6 exd4 15. Nb5 Rb8 16. cxd7+ Nxd7 17. Nxd4 Bd6 18. h3 Bh5 19. Nf5 Be5 20. f4 Bf6 21. g4 Bg6 22. Nd6+ Ke7 23. Nxb7 Bc2 24. Bd2 Nb6 25. Bb4+ Kd7 26. Nc5+ Kd8 27. Nxa6 Rc8 28. c5 Nc4 29. c6 Bxb2 30. Rad1+ Ke8 31. c7 Ba4 32. Bb7 Ne3 33. Bxc8 Nxd1 34. Rxd1 Bxd1 35. Bf5 1-0